000 00533nam a2200181Ia 4500
999 _c567
_d567
003 OSt
005 20200915114016.0
008 190216s9999||||xx |||||||||||||| ||und||
020 _a9780853315858
040 _coclc
082 _a492.7
_bHAY/N
100 _aHaywood, J A
_94583
245 0 _aA New Arabic Grammar of The Written Language /
_cJ A Haywood ; H M Nahmad
260 _bLund Humphries,
_c1995.
_aLondon:
300 _a687p
650 _aArabic Grammer
942 _cBK
_2ddc
_h492.7
_iHAY/N
_k492.7
_mHAY/N